书目信息 |
| 题名: |
区域品牌营销
|
|
| 作者: | 张晓飞 主编 | |
| 分册: | ||
| 出版信息: | 北京 经济科学出版社 2013 |
|
| 页数: | 219页 | |
| 开本: | 24cm | |
| 丛书名: | 区域经济重点学科系列丛书 | |
| 单 册: | ||
| 中图分类: | F723.0 | |
| 科图分类: | ||
| 主题词: | 区域经济--品牌营销--研究--中国 , 区域经济 , 品牌营销 | |
| 电子资源: | ||
| ISBN: | 978-7-5141-3858-0 | |
| 000 | 01304oam2 2200313 450 | |
| 001 | 524 | |
| 005 | 20140909100439.46 | |
| 010 | @a978-7-5141-3858-0@dCNY42.00 | |
| 100 | @a20140117d2013 em y0chiy50 ea | |
| 101 | 0 | @achi |
| 102 | @aCN@b110000 | |
| 105 | @ay z 000yy | |
| 106 | @ar | |
| 200 | 1 | @a区域品牌营销@AQu Yu Pin Pai Ying Xiao@e基于网络环境的研究@EJi Yu Wang Luo Huan Jing De Yan Jiu@f张晓飞主编@FZhang Xiao Fei Zhu Bian |
| 210 | @a北京@c经济科学出版社@d2013 | |
| 215 | @a219页@d24cm | |
| 225 | 2 | @a区域经济重点学科系列丛书@f陈凯主编 |
| 225 | 2 | @a网络营销系列丛书 |
| 300 | @a国家自然科学基金项目 教育部人文社会科学研究规划基金项目 东北大学秦皇岛分校教材专著出版基金资助 中国博士后科研基金面上项目 国家自然科学基金重点项目 | |
| 330 | @a本书将区域品牌研究角度专项目标市场和消费者,结合中国现状,分析了中华老字号品牌的产业化复兴和老字号品牌的网络传播机制,重点探讨了老字号区域品牌的网络传播以及老字号品牌的保护与开发。 | |
| 461 | 0 | @12001 @a区域经济重点学科系列丛书 |
| 517 | 1 | @a基于网络环境的研究@AJi Yu Wang Luo Huan Jing De Yan Jiu |
| 606 | 0 | @a区域经济@x品牌营销@x研究@y中国 |
| 606 | 0 | @a区域经济 |
| 606 | 0 | @a品牌营销 |
| 690 | @aF723.0@v5 | |
| 701 | 0 | @a张晓飞@AZhang Xiao Fei@f(1973~)@4主编 |
| 801 | 0 | @aCN@bTANGWEI@c20140603 |
| 905 | @b0839185-87@dF723.0@e64@f3 | |
| 区域品牌营销:基于网络环境的研究/张晓飞主编.-北京:经济科学出版社,2013 |
| 219页;24cm.-(区域经济重点学科系列丛书/陈凯主编).-(网络营销系列丛书) |
| 国家自然科学基金项目 教育部人文社会科学研究规划基金项目 东北大学秦皇岛分校教材专著出版基金资助 中国博士后科研基金面上项目 国家自然科学基金重点项目 |
| ISBN 978-7-5141-3858-0:CNY42.00 |
| 本书将区域品牌研究角度专项目标市场和消费者,结合中国现状,分析了中华老字号品牌的产业化复兴和老字号品牌的网络传播机制,重点探讨了老字号区域品牌的网络传播以及老字号品牌的保护与开发。 |
| ● |
| 相关链接 |
|
|
|
|
正题名:区域品牌营销
索取号:F723.0/64
 
预约/预借
| 序号 | 登录号 | 条形码 | 馆藏地/架位号 | 状态 | 备注 |
| 1 | 0839185 | 208391854 | 第一样本阅览室/ [索取号:F723.0/64] | 在馆 | |
| 2 | 0839186 | 208391863 | 第一借阅区/ [索取号:F723.0/64] | 在馆 | |
| 3 | 0839187 | 208391872 | 第一借阅区/ [索取号:F723.0/64] | 在馆 |